LEADER 03708nam0 2200565 i 450 001 BVEE013088 005 20170908093158.0 012 $aenro t-on noil nist (3) 1598 (R)$2fei 100 $a20040608d1598 ||||0itac50 ba 101 | $aita 102 $ait 181 1$6z01$ai $bxxxe 182 1$6z01$an 200 1 $aIstoria di m. Poggio Fiorentino. Tradotta di latino in volgare da Iacopo suo figliuolo. Riueduta, e corretta nuouamente per m. Francesco Serdonati, con l'aiuto d'vn testo latino a penna, che è nella libreria de' Medici. Co' sommarij a ogni libro, e con la tauola fatta dal medesimo 210 $aIn Fiorenza$cper Filippo Giunti$d1598$eIn Fiorenza$gper Filippo Giunti$h1598 215 $a[4], 258, [18] p.$d4º 300 $aMarca (Z655) sul front 300 $aColophon a c. S2v 300 $aIniziali xil 300 $aCors. ; rom 300 $aSegn.: ¶² A-R⁸ S². 316 $a1 esemplare$5IT-NA0070, Z.B. 0670 316 $a1 v. - legatura in pergamena. Tracce di bindelle. tit. ms. sul dorso (sec. XVI ex.). Sul verso del f. di guardia anteriore nota di possesso "dott. Agostino Comeno 1810" . Altra sul front. " ad usum rev. patr. D. Gasparis Antonii Petrina 1726$5IT-NA0120, NICOLINI XVI 0350 316 $a1 v. - ex libris ms.: Biblioth. Cong. Oratorij Neap.$5IT-NA0075, A 32 0124 500 10$aHistoriae florentini populi$3BVEE013089$9CFIV004337$91479490 620 $dFirenze$3RMSL001067 700 1$aBracciolini$b, Poggio$3CFIV004337$4070$0120774 702 1$aSerdonati$b, Francesco$3RAVV075871 702 1$aBracciolini$b, Jacopo$f <1442-1478>$3SBLV155730 712 02$aGiunta, Filippo$d <2.>$3BVEV017020$4650 790 1$aBracciolini Poggio$b, Gian Francesco$3BVEV133612$zBracciolini, Poggio 790 1$aBraččolini$b, Podžo$3BVEV192305$zBracciolini, Poggio 790 1$aBracciolini$b, Poggio Francesco$3CFIV145114$zBracciolini, Poggio 790 0$aPogius : Florentinus$3SBNV009537$zBracciolini, Poggio 790 0$aPoggio : Fiorentino$3SBNV009538$zBracciolini, Poggio 790 1$aBracciolini$b, Francesco Poggio$3VEAV035083$zBracciolini, Poggio 790 1$aPoggio Bracciolini$b, Francesco$3VEAV035084$zBracciolini, Poggio 790 1$aSerdonatus$b, Franciscus$3CFIV313871$zSerdonati, Francesco 790 0$aPoggio : Fiorentino$3CFIV323489$zBracciolini, Jacopo <1442-1478> 790 1$aPoggio$b, Jacopo$3RMLV066974$zBracciolini, Jacopo <1442-1478> 801 3$aIT$bIT-NA0079$c20040608 850 $aIT-NA0070$aIT-NA0120$aIT-NA0075 912 $aBVEE013088 921 $aBVEM000371$bIn cornice figurata: giglio fiorentino. In basso iniziale F.$cZ655$dSul front. 950 0$aBiblioteca Universitaria$b1 esemplare$c1 esemplare$d BUZ.B. 0670$e BUSI 0000160395 B 1 esemplare$fZ $h20040608$i20040608 950 0$aIstituto italiano per gli studi storici$b1 v.$c1 v.$d CRNICOLINI XVI 0350$e CR 0000473285 B 1 v. - legatura in pergamena. Tracce di bindelle. tit. ms. sul dorso (sec. XVI ex.). Sul verso del f. di guardia anteriore nota di possesso "dott. Agostino Comeno 1810" . Altra sul front. " ad usum rev. patr. D. Gasparis Antonii Petrina 1726$fZ $h20070605$i20070605 950 0$aBiblioteca statale oratoriana dei Girolamini$c1 v.$d GEA 32 0124$e GE 0000022795 C 1 v. - ex libris ms.: Biblioth. Cong. Oratorij Neap.$fN $h20120321$i20120321 977 $a BU$a CR$a GE 996 $aHistoriae florentini populi$91479490 997 $aUNISANNIO LEADER 01225nam0 2200265 450 001 000035662 005 20140114091125.0 100 $a20131211d1953----km-y0itaa50------ba 101 0 $aita 102 $aIT 200 1 $a<> sistema colturale Del Pelo Pardi$eillustrazione elementare per i lavoratori dei campi, tratta dalle lezioni svolte nei Corsi per contadini$fTommaso Del Pelo Pardi$ga cura della Sezione per la attivit dimostrativa del sistema colturale Del Pelo Pardi, presso la Stazione chimico-agraria sperimentale di Roma 210 $a[S.l.$cs.n.]$d1953 215 $a164 p.$cill.$d31 cm. 606 1 $aTerreni agrari 676 $a631.4$v(22. ed.)$9Pedologia 700 1$aDel Pelo Pardi,$bTommaso$0446493 801 0$aIT$bUniversit della Basilicata - B.I.A.$gREICAT$2unimarc 912 $a000035662 996 $aSistema colturale Del Pelo Pardi$9101467 997 $aUNIBAS CAT $aSTD093$b01$c20131211$lBAS01$h1422 CAT $aTTM$b30$c20140114$lBAS01$h0907 CAT $aTTM$b30$c20140114$lBAS01$h0911 FMT Z30 -1$lBAS01$LBAS01$mBOOK$1BASA2$APolo Tecnico-Scientifico$2FVIG$BFondo Viggiani$3FVig/41038$641038$5T41038$7Collocato presso la Scuola di Agraria$820131211$f35$FStanza riservata